| 000 | 01231cam a2200325 a 4500 | ||
|---|---|---|---|
| 999 |
_c2217 _d2217 |
||
| 003 | CaOOAMICUS | ||
| 005 | 20210707081155.0 | ||
| 008 | 071126s2009 oncak b 000 0 eng | ||
| 020 | _a9780779699964 (pbk.) : | ||
| 040 | _cCaOONL | ||
| 050 |
_aRT81.5 _b.N87 2008 |
||
| 055 | 0 |
_aRT81.5 _bN8724 2008 Suppl. |
|
| 090 | _a610.73072 STU | ||
| 090 | _a610.73072 S764 2009 | ||
| 245 | 0 | 0 |
_aStudy guide for Nursing research in Canada : _bmethods and critical appraisal for evidence-based practice / _c[Geri LoBiondo-Wood, Judith Haber]. |
| 250 |
_aSecond Canadian edition / _bCanadian editors, Cherylyn Cameron, Mina D. Singh |
||
| 260 |
_aToronto : _bMosby Canada, _cc2009. |
||
| 300 |
_axi, 212 pages : _billustrations, forms ; _c24 cm. |
||
| 336 |
_atext _btxt _2rdacontent |
||
| 337 |
_aunmediated _bn _2rdamedia |
||
| 338 |
_avolume _bnc _2rdacarrier |
||
| 650 | 0 |
_aNursing _xResearch _zCanada _vTextbooks. |
|
| 700 | 1 | _aHaber, Judith. | |
| 700 | 1 | _aLoBiondo-Wood, Geri. | |
| 700 | 1 |
_aCameron, Cherylyn, _d1958- |
|
| 700 | 1 | _aSingh, Mina D. | |
| 772 | 0 |
_aLoBiondo-Wood, Geri. _tNursing research in Canada. _b2nd Canadian ed.. _dToronto : Mosby Canada, c2009. _w(CaOONL)20079072984 |
|
| 910 | _aCanadian | ||
| 942 |
_2lcc _cBK _nSO |
||